<?xml version="1.0" encoding="UTF-8"?><?xml-stylesheet type="text/xsl" href="static/style.xsl"?><OAI-PMH xmlns="http://www.openarchives.org/OAI/2.0/" xmlns:xsi="http://www.w3.org/2001/XMLSchema-instance" xsi:schemaLocation="http://www.openarchives.org/OAI/2.0/ http://www.openarchives.org/OAI/2.0/OAI-PMH.xsd"><responseDate>2026-04-18T18:42:52Z</responseDate><request verb="GetRecord" identifier="oai:recam.amb.cat:20.500.14439/1442" metadataPrefix="marc">https://recam.amb.cat/rest/oai/request</request><GetRecord><record><header><identifier>oai:recam.amb.cat:20.500.14439/1442</identifier><datestamp>2025-02-20T13:46:41Z</datestamp><setSpec>com_20.500.14439_153</setSpec><setSpec>com_20.500.14439_128</setSpec><setSpec>col_20.500.14439_4329</setSpec></header><metadata><record xmlns="http://www.loc.gov/MARC21/slim" xmlns:dcterms="http://purl.org/dc/terms/" xmlns:xsi="http://www.w3.org/2001/XMLSchema-instance" xmlns:doc="http://www.lyncode.com/xoai" xsi:schemaLocation="http://www.loc.gov/MARC21/slim http://www.loc.gov/standards/marcxml/schema/MARC21slim.xsd">
   <leader>00925njm 22002777a 4500</leader>
   <datafield ind2=" " ind1=" " tag="042">
      <subfield code="a">dc</subfield>
   </datafield>
   <datafield ind2=" " ind1=" " tag="720">
      <subfield code="a">Àrea Metropolitana de Barcelona</subfield>
      <subfield code="e">author</subfield>
   </datafield>
   <datafield ind2=" " ind1=" " tag="260">
      <subfield code="c">2015-10-23</subfield>
   </datafield>
   <datafield ind2=" " ind1=" " tag="520">
      <subfield code="a">Com s'utilitzen les noves tecnologies per millorar les formes de viure i l'eficiència en el treball o la seguretat en la mobilitat urbana? Com és la mobilitat en l'àrea metropolitana de Barcelona? Quins han estat els patrons i les tendències més característics dels darrers temps? Quin hauria der ser el model de mobilitat de la metròpolis en els propers anys? L'aproximació al metabolisme metropolità permet estendre la mirada sobre el conjunt de totes les infraestructures: en relació amb el cicle de l'aigua, amb el tractament dels residus i amb la distribució, el consum i la gestió de les energies i també proposar els canvis en la manera de viure que hauria de tenir en consideració el nou PDU metropolità.   "Innovació urbana, mobilitat i metabolisme metropolità" és el recull del cinquè workshop i forma part de la col·lecció "Quaderns PDU metropolità", que és la plataforma de difusió d'idees, de diversos estudis metropolitans i de reflexions entre experts de diverses disciplines, que aporten dades i noves perspectives al coneixement de l'àrea metropolitana de Barcelona i al procés de redacció del Pla director urbanístic metropolità (PDU).</subfield>
   </datafield>
   <datafield ind1="8" ind2=" " tag="024">
      <subfield code="a">2339-8922</subfield>
   </datafield>
   <datafield ind1="8" ind2=" " tag="024">
      <subfield code="a">https://hdl.handle.net/20.500.14439/1442</subfield>
   </datafield>
   <datafield ind1="8" ind2=" " tag="024">
      <subfield code="a">6805316</subfield>
   </datafield>
   <datafield ind1="8" ind2=" " tag="024">
      <subfield code="a">B 2555-2015</subfield>
   </datafield>
   <datafield tag="653" ind2=" " ind1=" ">
      <subfield code="a">Innovacions tecnològiques</subfield>
   </datafield>
   <datafield tag="653" ind2=" " ind1=" ">
      <subfield code="a">Àrees metropolitanes</subfield>
   </datafield>
   <datafield ind2="0" ind1="0" tag="245">
      <subfield code="a">Innovació urbana, mobilitat i metabolisme metropolità: Workshop 5</subfield>
   </datafield>
</record></metadata></record></GetRecord></OAI-PMH>